1770 1646 1188 1163 1088 1690 1766 1138 1613 1796 1015 1459 1990 1502 1316 1526 1742 1369 1821 1327 1514 1227 1752 1074 1690 1593 1194 1706 1320 1947 1385 1723 1645 1057 1624 1373 1401 1418 1966 1519 1362 1361 1163 1740 1276 1121 1158 1788 1936 1267 1230 1697 1240 1785 1607 1861 1416 1525 1289 1063 1950 1225 1028 1911 1860 1523 1818 1721 1335 1263 1809 1911 1346 1804 1699 1200 1052 1757 1439 1043 1846 1388 1787 1721 1613 1062 1109 1647 1408 1090 1319 1756 1716 1451 1180 1454 1061 1689 1950 BCNSPRNW ULIB Ver.6.0+V

เปลี่ยนเป็นภาษาไทย

Change to English
 แสดงรายละเอียดบรรณานุกรม
  กลับหน้าหลัก

Brief Record : Get Marc (ISO 2709) : E-mail record : QR code < ปิดหน้าต่าง
LEADER : 00000nam 2200000uu 4500
001    13399122178
003     ULIB
008    130108s2010||||th 000 0 tha d
020    ^a9780521603379
050  4 ^aPE1131^bR312f
100 1  ^aRedston, Chris.
245 10 ^aFace2face ^bUpper internediate students book with cd-rom/audio cd B2 / ^cChris Redston, Gillie Cunningham.
250    ^a6th ed
260    ^a[S.l.] : ^bCambridge University Press, ^c2010.
300    ^a160 p. ; ^c28 cm.
650  0 ^aEnglish--Use
700 1  ^aCunningham, Gillie.
945    ^p390^l0^i033385
995    ^aKesorn
999 ^a ใช้งานได้ทุกระบบ
รายการนี้ยังไม่มีแท็ก
คุณยังไม่ได้ล็อกอิน คุณสามารถมีกิจกรรมร่วมกับเว็บไซต์ได้ แต่ต้องล็อกอินก่อน ::
  ล็อกอิน

รายการสื่อสารสนเทศ

ลำดับที่ ประเภท เลขเรียก/บาร์โค้ด สถานที่ สถานะ
1. การศึกษาทั่วไป
การศึกษาทั่วไป
PE1131 R312f  
  Barcode: 033385
ห้องสมุดวิทยาเขตสวรรค์ประชารักษ์
►หนังสือทั่วไป
บนชั้น

รายการใกล้เคียง
    ผู้แต่ง [Redston, Chris.]

    หัวเรื่อง [English--Use]

BibComment


ยังไม่เคยถูกคอมเมนท์

คอมเมนท์ทรัพยากรรายการนี้
  คอมเมนท์: Face2face Upper..


 Copyright 2026. Bcnsprnw @Library